LEADER 01173nam a2200265 4500 001 000000341898 003 CaOOAMICUS 005 20201028161100.0 008 200907s2019 it a 000 u ita r 020 $a978-88-04-71825-3 040 $aSeMil$bita 100 1 $aBerti, Giordano.$0(OLS)http://semarc/name/112054 245 10$aStoria della stregoneria :$borigini, credenze, persecuzioni e rinascita nel mondo contemporaneo /$cGiordano Berti. 250 $a4. rist. 264 3$aMilano :$bMondadori,$c2019. 300 $a263 p., [8] di tav. :$bill. ;$c20 cm 650 4$aStregoneria.$0(OLS)http://semarc/subject/3983 830 0$aOscar storia ;$v165.$0(OLS)http://semarc/title/13004 850 $aSeMil 852 $aSeMil$W1$xVenegono$y1$m3W I 37$j222568$B232944$CSeMilBibl$Z2$F232944 $81 961 $aBrambilla don Paolo - Omaggio 996 $6020$a978-88-04-71825-3$9(OLS)http://semarc/number/291158 996 $6245$aStoria della stregoneria :$borigini, credenze, persecuzioni e rinascita nel mondo contemporaneo$9(OLS)http://semarc/title/430792 996 $6264$aMilano :$bMondadori$9(OLS)http://semarc/publisher/30335 LEADER 00972nam a2200253 i 4500 001 000000040548 003 CaOOAMICUS 005 20120525000000.0 008 120525s1985 xx u000 u eng u 013 $a11718 020 $a910728-20-8 040 $aSeMil$bita 100 1 $aWillke, Jack.$0(OLS)http://semarc/name/19851 245 10$aAbortion :$bquestions & answers /$cDr. and Mrs. J.C. Willke. 250 $aRevised 91. 260 $aCincinnati :$bHayes Publishing Company,$ccopyr. 1985. 300 $aIX, 325 p. :$bill. ;$c18 cm. 650 4$aAborto.$0(OLS)http://semarc/subject/5781 850 $aSeMil 852 $aSeMil$W1$xVenegono$y1$m2E I 175$j6703$B6703$CSeMilBibl$Z2$F6703 $81 961 $aOmaggio: Casa editrice 996 $6020$a910728-20-8$9(OLS)http://semarc/number/10822 996 $6245$aAbortion :$bquestions & answers$9(OLS)http://semarc/title/58301 996 $6260$aCincinnati :$bHayes Publishing Company$9(OLS)http://semarc/publisher/40129 LEADER 01222nam a2200301 i 4500 001 000000188095 003 CaOOAMICUS 005 20100331000000.0 008 100331s2004 it u000 u ita u 013 $a166226 020 $a88-215-2757-3 040 $aSeMil$bita 100 1 $aSanna, Ignazio,$d<1942- >.$0(OLS)http://semarc/name/6364 245 10$aChiamati per nome :$bantropologia teologica /$cIgnazio Sanna. 250 $a3. ed. 260 $aCinisello Balsamo :$bSan Paolo,$c2004 (copyr. 1994) 300 $a442 p. ;$c22 cm. 490 0 $aUniverso teologia ;$v25. 500 $aContiene : Bibliografia. 650 4$aAntropologia teologica.$0(OLS)http://semarc/subject/2114 650 4$aUomo - Teologia.$0(OLS)http://semarc/subject/5607 830 0$aUniverso teologia ;$v25.$0(OLS)http://semarc/title/224 850 $aSeMil 852 $aSeMil$W1$xVenegono$y1$m2D VII 102$j262168$B138769$CSeMilBibl$Z2$F150280 $81 961 $aLascito: Garavaglia Abramo 996 $6020$a88-215-2757-3$9(OLS)http://semarc/number/178581 996 $6245$aChiamati per nome :$bantropologia teologica$9(OLS)http://semarc/title/270618 996 $6260$aCinisello Balsamo :$bSan Paolo$9(OLS)http://semarc/publisher/30129 LEADER 01115nam a2200241 i 4500 001 000000134149 003 CaOOAMICUS 005 20050125000000.0 008 050125s1933 it u000 u ita u 013 $a107231 040 $aSeMil$bita 100 0 $aTommaso : d'Aquino,$c.$0(OLS)http://semarc/name/423 245 12$aL'uomo :$bestratti della Somma Teologica /$cS. Tommaso D'Aquino ; Traduzione, Introduzione e note a cura di Ulisse Pucci. 260 $aTorino [etc.] :$bSEI,$c1933. 300 $a235 p. ;$c20 cm. 650 4$aAntropologia filosofica.$0(OLS)http://semarc/subject/976 650 4$aTommaso : d'Aquino - Pensiero filosofico.$0(OLS)http://semarc/subject/871 700 1 $aPucci, Ulisse.$0(OLS)http://semarc/name/54850 850 $aSeMil 852 $aSeMil$W1$xVenegono$y1$m54 61 36 *$j87917$B87917$CSeMilBibl$Z2$F92613 $81 961 $aRecupero: Biblioteca Seminario Seveso (fino al 1985) 996 $6245$aL'uomo :$bestratti della Somma Teologica$9(OLS)http://semarc/title/196247 996 $6260$aTorino [etc.] :$bSEI$9(OLS)http://semarc/publisher/32375 LEADER 00933nas a2200217 i 4500 001 000000152224 003 CaOOAMICUS 005 20060816000000.0 008 060816b2005 it uu u0 0ita r 013 $a129565 040 $aSeMil$bita 245 10$a[2005 :$b2. Semestre]. 260 $aRoma :$bPiccoli Fratelli di Gesù,$c2005$e(Roma :$fParole&Colore,$g2005) 300 $a30 p. :$bill. ;$c19 cm. 500 $aA piè della copertina : In occasione della beatificazione del P. de Foucault. 700 1 $aFoucauld, Charles : de,$d<1858-1916>.$0(OLS)http://semarc/name/3237 773 0 $tPiccoli Fratelli di Gesù.$dRoma : Piccoli Fratelli di Gesù, 1999$w()16156 850 $aSeMil 852 $aSeMil$W1$xVenegono$y1$m5B XII 1/2$j104183$B104183$CSeMilBibl$Z2$F113217 $81 996 $6245$a[2005 :$b2. Semestre]$9(OLS)http://semarc/title/222541 996 $6260$aRoma :$bPiccoli Fratelli di Gesù$9(OLS)http://semarc/publisher/34342 LEADER 01357nam a2200253 i 4500 001 000000065863 003 CaOOAMICUS 005 20190812104938.0 008 130529n17-? xx u000 u lat u 013 $a37035 026 $am.m- emer r-se (ate (3) 0000 (Q) 040 $aSeMil$bita 100 1 $aMussi, Antonio,$d.$0(OLS)http://semarc/name/6845 245 10$aAntonii Mussi sacerd. ex con. obl. SS. Ambrosii et Caroli ... De sacramentis ecclesiae generatim dogmatica theologica. 264 1$aTicini Regii :$bApud Balthassarrem Comini,$c[Sec. 18.] 300 $axx, 253, [3] p. ;$c8º. 500 $aProbabile periodo di pubbl. dell'opera in base alla vita dell'a. e all'attività del tip. - Fregio xilogr. sul front. - Segn. : *5 A-Q8. - Sul front. caratteri ebraici. 650 4$aSacramenti - Teologia cattolica.$0(OLS)http://semarc/subject/113 710 0 $aComino, Baldassarre .$0(OLS)http://semarc/name/12723 850 $aSeMil 852 $aSeMil$W1$xVenegono$y1$m2N II 15 FA$j32016$B32016$CSeMilBibl$Z2$F32019 $8I 996 $6245$aAntonii Mussi sacerd. ex con. obl. SS. Ambrosii et Caroli ... De sacramentis ecclesiae generatim dogmatica theologica$9(OLS)http://semarc/title/104623 996 $6264$aTicini Regii :$bApud Balthassarrem Comini$9(OLS)http://semarc/publisher/42629 LEADER 01293nam a2200289 i 4500 001 000000039792 003 CaOOAMICUS 005 20061113000000.0 008 061113s1962 it u000 u ita u 013 $a10948 040 $aSeMil$bita 100 1 $aPapini, Giovanni,$d<1881-1956>.$0(OLS)http://semarc/name/1547 245 10$aCristo e santi /$cdi Giovanni Papini. 260 $a[Milano] :$bArnoldo Mondadori Editore,$c1962. 300 $a1119 p. :$b[1] c. di tav. ;$c20 cm. 490 0 $aI classici contemporanei italiani 500 $aIn allegato : [2] p. di appunti dell'Autore. - Fondo Ciprandi. 600 04$aGesù Cristo.$0(OLS)http://semarc/subject/712 650 4$aSanti.$0(OLS)http://semarc/subject/8255 773 0 $aPapini, Giovanni <1881-1956>$tTutte le opere di Giovanni Papini.$d[Milano] : Arnoldo Mondadori Editore, [195?]-$kClassici contemporanei italiani$w()1705 830 2$aI classici contemporanei italiani.$0(OLS)http://semarc/title/7847 850 $aSeMil 852 $aSeMil$W1$xVenegono$y1$m1B III 117$j5947$B5947$CSeMilBibl$Z2$F5947 $81 941 1 $a1 961 $aOmaggio: Ciprandi dott. Paolo 996 $6245$aCristo e santi$9(OLS)http://semarc/title/56878 996 $6260$a[Milano] :$bArnoldo Mondadori Editore$9(OLS)http://semarc/publisher/29634 LEADER 00569naa a2200145 i 4500 001 000000329034 003 CaOOAMICUS 005 20180831173612.0 008 180831n it u000 u ita u 013 $a40675 040 $aSeMil$bita 245 10$aPio 9. di fronte ai sistemi politici totalitari. 650 4$aPio IX - Politica.$0(OLS)http://semarc/subject/17214 773 0 $tPapato e l'Europa.$dSoveria Mannelli : Rubbettino, 2001.$z88-498-0222-6$gp.393-404$w()226174 996 $6245$aPio 9. di fronte ai sistemi politici totalitari$9(OLS)http://semarc/title/417554